Acteurs les Tontons Flingueurs - Statistiques

Statistiques générales
  • Ce quiz a été pris 45 fois
  • Le résultat moyen est 5 sur 15
Statistiques - réponses
Hint Réponse % Correct
Fernand Naudin Lino Ventura
95%
Raoul Volfoni Bernard Blier
86%
Maître Folace Françis Blanche
76%
Paul Volfoni Jean Lefebvre
74%
Antoine Delafoy Claude Rich
57%
John Robert Dalban
38%
Pascal Venantino Venantini
29%
Patricia Sabine Sinjen
12%
Mme Mado Dominique Davray
7%
Théo Horst Franck
7%
Freddy Henri Cogan
5%
Louis le mexicain Jacques Dumesnil
5%
Bastien Mac Ronay
5%
Tomate Charles Régnier
2%
Adolphe Amédée Delafoy Pierre Berin
2%
Aucun quiz correspondant
Distribution des résultats
% des personnes avec chaque résultat
Percentile par nombre de réponses
Votre historique - résultats
Vous n’avez pas pris ce quiz